Imām ibn Taimīya and his projects of reform / (Record no. 20419)

MARC details
000 -LEADER
fixed length control field 01080cam a2200325 a 4500
001 - CONTROL NUMBER
control field 4730196
003 - CONTROL NUMBER IDENTIFIER
control field BDDh-ASL
005 - DATE AND TIME OF LATEST TRANSACTION
control field 20231015025903.0
008 - FIXED-LENGTH DATA ELEMENTS--GENERAL INFORMATION
fixed length control field 840920s1982 bg b 001 0beng
010 ## - LIBRARY OF CONGRESS CONTROL NUMBER
LC control number 83902282
020 ## - INTERNATIONAL STANDARD BOOK NUMBER
Terms of availability Tk25.00 ($2.50 U.S.)
040 ## - CATALOGING SOURCE
Original cataloging agency DLC
Transcribing agency DLC
Modifying agency DLC
-- BDDh-ASL
050 00 - LIBRARY OF CONGRESS CALL NUMBER
Classification number BP80.I29
Item number H27 1982
082 00 - DEWEY DECIMAL CLASSIFICATION NUMBER
Classification number 297.8109
-- B
Edition number 19
Item number SEI
100 1# - MAIN ENTRY--PERSONAL NAME
Personal name Haque, Serajul.
245 10 - TITLE STATEMENT
Title Imām ibn Taimīya and his projects of reform /
Statement of responsibility, etc. Serajul Haque.
250 ## - EDITION STATEMENT
Edition statement 1st ed.
260 ## - PUBLICATION, DISTRIBUTION, ETC.
Place of publication, distribution, etc. Dhaka :
Name of publisher, distributor, etc. Islamic Foundation Bangladesh,
Date of publication, distribution, etc. 1982.
300 ## - PHYSICAL DESCRIPTION
Extent viii, 223 p. ;
Dimensions 22 cm.
490 1# - SERIES STATEMENT
Series statement I.F. publications ;
Volume/sequential designation 960
500 ## - GENERAL NOTE
General note Includes quotations in Arabic.
500 ## - GENERAL NOTE
General note Revision of the author's thesis (Ph. D.--University of London, 1937)
500 ## - GENERAL NOTE
General note Includes index.
504 ## - BIBLIOGRAPHY, ETC. NOTE
Bibliography, etc. note Bibliography: p. [184]-212.
600 10 - SUBJECT ADDED ENTRY--PERSONAL NAME
Personal name Ibn Taymīyah, Aḥmad ibn ʻAbd al-Ḥalīm,
Dates associated with a name 1263-1328.
650 #0 - SUBJECT ADDED ENTRY--TOPICAL TERM
Topical term or geographic name entry element Muslims
General subdivision Biography.
830 #0 - SERIES ADDED ENTRY--UNIFORM TITLE
Uniform title I.F. publications ;
Volume/sequential designation no. 960.
906 ## - LOCAL DATA ELEMENT F, LDF (RLIN)
a 7
b cbc
c orignew
d 4
e ncip
f 19
g y-gencatlg
942 ## - ADDED ENTRY ELEMENTS (KOHA)
Source of classification or shelving scheme Dewey Decimal Classification
Koha item type Books
Holdings
Withdrawn status Lost status Source of classification or shelving scheme Damaged status Not for loan Collection code Home library Current library Shelving location Date acquired Source of acquisition Total Checkouts Full call number Barcode Date last seen Copy number Price effective from Koha item type
    Dewey Decimal Classification     Non-fiction Asiatic Society Library Asiatic Society Library General Stacks 01/09/2021 ASB Collection   297.8109 SEI 103862 01/09/2021 C-1 01/09/2021 Books
    Dewey Decimal Classification Damaged   Non-fiction Asiatic Society Library Asiatic Society Library General Stacks 04/03/2021 ASB Library Collections   297.8109 SEI 108297 04/03/2021 C-2 04/03/2021 Books

Powered by Koha